| 000 | 01052nam a2200277 a 4500 | ||
|---|---|---|---|
| 001 | 000027917 | ||
| 003 | OSt | ||
| 005 | 20250124082802.0 | ||
| 008 | 110405s2000 dr c 000 0 spa d | ||
| 020 | _a9993435058 | ||
| 040 |
_aDO-SdBNP _bspa _cBNPHU |
||
| 082 |
_axxxx _bxxxx |
||
| 100 | 1 |
_aZáiter Mejía, Alba Josefina _92002 |
|
| 245 | 1 | 3 |
_aLa autoimagen de los dominicanos / _cJosefina Zaiter, Leo Valeirón ; introducción Onfre Rojas |
| 260 |
_aSanto Domingo : _bComisión Presidencial para la Reforma y Modernización del Estado, _c2000. |
||
| 300 |
_a69 p. : _bretrs. _c22 cm. |
||
| 490 | 1 |
_aConversatorios de la reforma ; _v18 ; |
|
| 500 | _aIncluye referencias bibliográficas y notas al pie de las páginas | ||
| 590 | _aInventariado, 2020/ YL | ||
| 700 | 1 |
_aValeirón, Leo _954981 |
|
| 700 | 1 |
_aRojas, Onfre _eint. _954982 |
|
| 710 | 2 |
_aRepública Dominican _bComisión Presidencial para la Reforma y Modernización del Estado, _954983 |
|
| 830 | 0 |
_aConversatorios de la reforma _n18 _954984 |
|
| 910 | _aYLockward | ||
| 942 |
_2ddc _cLBS1 |
||
| 999 |
_c27409 _d27409 |
||